000 01828cam a22002651i 4500
003 SA-RiAUC
005 20251112130858.0
008 251030s2008 su o f i10010 ara c
040 _aSA-JeALM
_bara
_cSA-RiAUC.
_erda
050 4 _bR33 2008
082 0 4 _a210. 6
082 0 4 _a214.168
_qSA-RiAUC
090 _a214.168
_bم ؤ ت
111 2 _aالمؤتمر الإسلامي العالمي للحوار.
_cمكة المكرمة)
_d(1429 هجري :
245 1 2 _aالمؤتمر الإسلامي العالمي للحوار /
_cإعداد رابطة العالم الإسلامي.
264 1 _aمكة المكرمة :
_bرابطة العالم الإسلامي،
_c[2008]
300 _a618 صفحة :
_bصور ؛
_c24 في 26 سم .
336 _aنص
_btxt
_2rdacontent
_3كتاب
337 _aبدون وسيط
_bn
_2rdamedia
338 _aمجلد
_bnc
_2rdacarrier
505 0 _aيحوي قوائم المشاركيين وفق الدول ؛ محاور المؤتمر : المحور الأول : التأصيل الإسلامي للحوار ؛ الثاني : الحوار بين الأديان وضوابطه ؛ المحور الثالث : مع من نتحاور ؛ الحوار في ضوء المبادئ الأساسية للعلاقات البشرية ؛ أهمية الحوار بين الحضارات في تحقيق السلام العالمي ؛ الأسرة والأخلاق في المشترك الإنساني ؛ نداء مكة الصادر عن المؤتمر ؛ أهم ما قالته الصحف عن المؤتمر ؛ رابطة العالم الإسلامي والحوار ؛ رابطة العالم الإسلامي وهيئاتها ومجالسها.
650 7 _aالحوار في الإسلام
_vمؤتمرات
_2aucsh
942 _2ddc
_cBOOK
_n0
949 _aSA-JeALM
_d251030
_uosman123
_n1
999 _c13212
_d13212